Normal view
MARC view
- تأليف ابن هشام، عبد الله بن يوسف بن أحمد ، عبد الحميد، محمد محيي الدين
Entry Personal Name
001 - CONTROL NUMBER
- control field: 26808
003 - CONTROL NUMBER IDENTIFIER
- control field: JO-AjAnu
005 - DATE AND TIME OF LATEST TRANSACTION
- control field: 20230606074549.0
008 - FIXED-LENGTH DATA ELEMENTS
- fixed length control field: 230606|| aca||aabn | a|a d
040 ## - CATALOGING SOURCE
- Original cataloging agency: JO-AjAnu
- Transcribing agency: JO-AjAnu
100 ## - HEADING--PERSONAL NAME
- Personal name: تأليف ابن هشام، عبد الله بن يوسف بن أحمد ، عبد الحميد، محمد محيي الدين
670 ## - SOURCE DATA FOUND
- Source citation: Work cat.: (JO-AjAnu)13770: تأليف ابن هشام، عبد الله بن يوسف بن أحمد ، عبد الحميد، محمد محيي الدين, author, أوضح المسالك إلى ألفية ابن مالك / عدة السالك إلى تحقيق أوضح المسالك